[Event "Bayern-ch Seniors op 27th"]
[Site "Bergen"]
[Date "2015.06.15"]
[Round "2"]
[White "Weiskopf, Hans"]
[Black "Daeubler, Heinrich"]
[Result "1/2-1/2"]
[WhiteElo "1832"]
[BlackElo "2058"]
[PlyCount "54"]
[EventDate "2015.06.15"]
[EventType "swiss"]
[EventRounds "9"]
[EventCountry "GER"]
[SourceTitle "EXT 2019"]
[Source "ChessBase"]
[SourceDate "2018.10.10"]
[SourceVersion "1"]
[SourceVersionDate "2018.10.10"]
[SourceQuality "1"]

1. d4 Nf6 2. c4 g6 3. Nc3 Bg7 4. e4 d6 5. Be2 0-0 6. Nf3 e5 7. d5 Na6 8. Bg5 h6 9. Bh4 Qe8 10. Nd2 Bd7 11. 0-0 Kh7 12. a3 g5 13. Bg3 Nc5 14. b4 Na4 15. Nxa4 Bxa4 16. Qb1 Bd7 17. h3 Ng8 18. Bd3 Ne7 19. c5 Ng6 20. Ra2 Qe7 21. Rc2 Rab8 22. Nc4 Bb5 23. Qb3 Qd7 24. Rcc1 Nf4 25. Bxf4 gxf4 26. Be2 Qe7 27. Bg4 Bd7 1/2-1/2